| 000 | 00565nam a2200181Ia 4500 | ||
|---|---|---|---|
| 008 | 191130s2009##################000#0#eng## | ||
| 020 | _a9780470254882 | ||
| 040 |
_aACL _cACL |
||
| 082 | _a795 DAV | ||
| 100 | _aDavis, Wayne R | ||
| 245 |
_aGame plan of change : a tabletop simulation to ignite growth through transformation - facilitator's guide _cWayne R. Davis |
||
| 260 |
_aSan Francisco, CA _bPfeiffer _c2009 |
||
| 300 | _avii, 77 p. ; 30 cm | ||
| 650 | _asimulation | ||
| 990 | _a93fdcd52ac10000c0d704898b21861fa | ||
| 991 | _a431941 | ||
| 999 |
_c191413 _d191413 |
||